<?xml version="1.0" encoding="UTF-8"?>
<marc:record xmlns:marc="http://www.loc.gov/MARC21/slim">
   <marc:leader>00000nam a2200000 a 4500</marc:leader>
   <marc:datafield ind1="1" ind2=" " tag="100">
      <marc:subfield code="a">Kinz, Maria</marc:subfield>
      <marc:subfield code="4">aut</marc:subfield>
      <marc:subfield code="e">Verfasser/-in</marc:subfield>
   </marc:datafield>
   <marc:datafield ind1=" " ind2=" " tag="653">
      <marc:subfield code="a">Bildband</marc:subfield>
   </marc:datafield>
   <marc:datafield ind1=" " ind2=" " tag="653">
      <marc:subfield code="a">Wien</marc:subfield>
   </marc:datafield>
   <marc:datafield ind1=" " ind2=" " tag="653">
      <marc:subfield code="a">Geschichte 1918-1938</marc:subfield>
   </marc:datafield>
   <marc:datafield ind1="0" ind2="0" tag="245">
      <marc:subfield code="a">Photoalbum 1918 - 1938</marc:subfield>
   </marc:datafield>
   <marc:datafield ind1="0" ind2="0" tag="245">
      <marc:subfield code="b">Der Alltag war nicht immer grau</marc:subfield>
   </marc:datafield>
   <marc:datafield ind1=" " ind2="1" tag="264">
      <marc:subfield code="b">Ueberreuter</marc:subfield>
      <marc:subfield code="c">1993</marc:subfield>
   </marc:datafield>
   <marc:datafield ind1="1" ind2=" " tag="520">
      <marc:subfield code="a">Das "Photoalbum" zeigt bisher unveröffentlichte Bilder aus einer Zeit, in der die Menschen zwischen fanatischem Hass und Radikalismus Wege in eine unverletzbare Privatsphäre suchten, in einen Freiraum des Erlebens, den man sich selbst zurecht rückte. In die einführenden Texte ist "oral history" verpackt: Menschen erzählen von den Jahren, die sie miterlebt und miterlitten haben. Für viele waren es die Jugendjahre - und damit verwischt die Erinnerung die Tristesse dieser Zeit. Sogar die Arbeitslosigkeit verliert im Rückblick ihren bitteren Geschmack, wenn es gelang, sich mit Hilfe von Unterhaltung, Bildung oder auch politischem Engagement abzulenken.</marc:subfield>
   </marc:datafield>
   <marc:datafield ind1="3" ind2=" " tag="024">
      <marc:subfield code="a">3800034964</marc:subfield>
   </marc:datafield>
</marc:record>
